Higher Algebra : Abstract and Linear (Record no. 690)

MARC details
000 -LEADER
Fixed length control field 00487nam a2200181 4500
003 - CONTROL NUMBER IDENTIFIER
Control field SEACOMMC
005 - DATE AND TIME OF LATEST TRANSACTION
Control field 20250423112435.0
008 - FIXED-LENGTH DATA ELEMENTS--GENERAL INFORMATION
Fixed length control field 241023b |||||||| |||| 00| 0 eng d
020 ## - INTERNATIONAL STANDARD BOOK NUMBER / ISBN
International Standard Book Number 978-93-84106-20-1
Price Rs.220.00
040 ## - CATALOGING SOURCE
Original cataloging agency SEACOMMC
082 ## - DEWEY DECIMAL CLASSIFICATION NUMBER
Classification number 512
Book Number M 297
100 ## - MAIN ENTRY--PERSONAL NAME
Personal name Mapa, Sadhan Kumar
245 1# - TITLE STATEMENT
Title Higher Algebra : Abstract and Linear
Statement of responsibility Sadhan Kumar Mapa
250 ## - EDITION STATEMENT
Edition statement 9th ed.
260 ## - IMPRINT
Place of publication Kolkata
Name of publisher levant Books
Date of publication 2006
650 ## - SUBJECT ADDED ENTRY--TOPICAL TERM
Topical term Algebra, abstract
942 ## - ADDED ENTRY ELEMENTS (KOHA)
Koha item type Books
Holdings
Withdrawn status Lost status Source of classification Damaged status Not for loan Home library Current library Shelving location Date acquired Total Checkouts Call number Accession number Date last seen Price effective from Koha item type Copy number
    Dewey Decimal Classification     SEACOM MANAGEMENT COLLEGE SEACOM MANAGEMENT COLLEGE Reference 01/11/2007   512 M 297 M-624 23/10/2024 23/10/2024 Books  
    Dewey Decimal Classification     SEACOM MANAGEMENT COLLEGE SEACOM MANAGEMENT COLLEGE   01/11/2007   512 M 297 M-625 23/10/2024 23/10/2024 Books 1
    Dewey Decimal Classification     SEACOM MANAGEMENT COLLEGE SEACOM MANAGEMENT COLLEGE   01/11/2007   512 M 297 M-626 23/10/2024 23/10/2024 Books 2
    Dewey Decimal Classification     SEACOM MANAGEMENT COLLEGE SEACOM MANAGEMENT COLLEGE   01/11/2007   512 M 297 M-627 23/10/2024 23/10/2024 Books 3
    Dewey Decimal Classification     SEACOM MANAGEMENT COLLEGE SEACOM MANAGEMENT COLLEGE   01/11/2007   512 M 297 M-628 23/10/2024 23/10/2024 Books 4
© Seacom Engineering College, All rights reserved.    Powered by Koha